000
00277nam a22001337a 4500
020
_a
0-446-60654-5
082
_a
823
_b
LEE/A
100
_a
LEE,RACHEL
245
_a
AFTER I DREAM
260
_a
NEW YORK
_b
WARNER BOOKS
300
_a
372
650
_a
NOVEL
_z
NEW YORK
942
_c
BK
999
_c
2437
_d
2437